[Event "Benidorm Once Cup tt"]
[Site "Benidorm"]
[Date "2011.11.18"]
[Round "6.2"]
[White "Carrazzoni Roman, Carlos"]
[Black "Escabias Perez, Miguel"]
[Result "1-0"]
[WhiteElo "1745"]
[BlackElo "1666"]
[PlyCount "57"]
[EventDate "2011.11.13"]
[EventType "team-tourn"]
[EventRounds "7"]
[EventCountry "ESP"]
[SourceTitle "CBM 145 Extra"]
[Source "ChessBase"]
[SourceDate "2012.01.03"]
[SourceVersion "1"]
[SourceVersionDate "2012.01.03"]
[SourceQuality "1"]
[WhiteTeam "Alicante"]
[BlackTeam "Madrid II"]
[WhiteTeamCountry "ESP"]
[BlackTeamCountry "ESP"]

1. Nf3 e6 2. d4 f5 3. Bf4 Nf6 4. Nbd2 d6 5. c4 Nbd7 6. e3 Be7 7. Ng5 Nf8 8. h3 Ng6 9. Ngf3 0-0 10. Bh2 Qe8 11. Bd3 Bd8 12. 0-0 e5 13. dxe5 dxe5 14. Bc2 Bd7 15. b4 c6 16. c5 Bc7 17. Nc4 Nd5 18. Bb3 Kh8 19. a3 Nc3 20. Qc2 Ne4 21. Qb2 f4 22. Rfe1 fxe3 23. Rxe3 Nf4 24. Ncxe5 Bxe5 25. Qxe5 Qxe5 26. Nxe5 Nd2 27. Nxd7 Rad8 28. Nxf8 Nxb3 29. Rxb3 1-0

[Event "ESP-ch blind 22nd"]
[Site "Benidorm"]
[Date "2010.11.20"]
[Round "7"]
[White "Carrazzoni Roman, Carlos"]
[Black "Menendez Solar, Jose Carlos"]
[Result "1-0"]
[WhiteElo "1769"]
[BlackElo "1888"]
[PlyCount "97"]
[EventDate "2010.11.14"]
[EventType "swiss"]
[EventRounds "8"]
[EventCountry "ESP"]
[SourceTitle "CBM 139 Extra"]
[Source "ChessBase"]
[SourceDate "2011.01.05"]
[SourceVersion "1"]
[SourceVersionDate "2011.01.05"]
[SourceQuality "1"]

1. d4 Nf6 2. Nf3 g6 3. Bf4 Bg7 4. c3 d6 5. h3 0-0 6. e3 Nc6 7. Nbd2 Qe8 8. Bb5 Bd7 9. 0-0 Nxd4 10. Bc4 Nxf3+ 11. Nxf3 Bc6 12. Nh2 Bxg2 13. Bxf7+ Rxf7 14. Kxg2 Qc6+ 15. f3 Nd5 16. Qb3 Kh8 17. Kh1 Raf8 18. Bg5 h6 19. e4 Nf4 20. Bxf4 Rxf4 21. Rf2 b6 22. Qe6 R4f6 23. Qd5 Qxd5 24. exd5 Rf5 25. Rd1 Rh5 26. Kg2 Rg5+ 27. Kh1 Rf4 28. Rg2 Rxg2 29. Kxg2 h5 30. Nf1 Bh6 31. Re1 Bg5 32. Re6 Kg7 33. Ng3 Kf7 34. Ne2 Rf5 35. c4 Bh6 36. b3 Re5 37. Rxe5 dxe5 38. Nc3 a6 39. Ne4 h4 40. Kf2 Bc1 41. Ke2 g5 42. c5 Kg6 43. c6 Ba3 44. Nc3 Kf5 45. Ne4 Kf4 46. Kf2 g4 47. hxg4 h3 48. g5 Bc5+ 49. Nxc5 1-0

[Event "ESP-chT1 Once"]
[Site "Fuengirola"]
[Date "2009.11.27"]
[Round "6.2"]
[White "Carrazzoni Roman, Carlos"]
[Black "Garcia Cervigon, Cecilio"]
[Result "1-0"]
[WhiteElo "1750"]
[BlackElo "1861"]
[PlyCount "97"]
[EventDate "2009.11.22"]
[EventType "team-tourn"]
[EventRounds "7"]
[EventCountry "ESP"]
[SourceTitle "CBM 133 Extra"]
[Source "ChessBase"]
[SourceDate "2010.01.05"]
[SourceVersion "1"]
[SourceVersionDate "2010.01.05"]
[SourceQuality "1"]

1. d4 Nf6 2. Nf3 e6 3. c4 d5 4. e3 Be7 5. c5 c6 6. Nbd2 Nbd7 7. b4 Qc7 8. Bb2 0-0 9. Be2 Ne4 10. Nxe4 dxe4 11. Ne5 Nf6 12. Qc2 Nd5 13. Qxe4 Nxb4 14. 0-0 f5 15. Qb1 Nd5 16. Bd3 Bf6 17. Nc4 Bd7 18. Qd1 Be8 19. Rb1 Nb4 20. Be2 Bg6 21. a3 Nd5 22. Bd3 Be7 23. Ne5 Rf6 24. Ba1 Be8 25. Qb3 Rb8 26. Rfc1 Rh6 27. g3 Bf6 28. Nf3 Qf7 29. Qd1 g5 30. Ne5 Bxe5 31. dxe5 Rh3 32. Bf1 Rh6 33. Be2 Qg7 34. Bd4 Bg6 35. Qf1 f4 36. Bd3 fxe3 37. fxe3 Rf8 38. Qe2 Bxd3 39. Qxd3 Rh3 40. Rc2 Qc7 41. Rf1 Rxf1+ 42. Qxf1 Rh6 43. Rf2 Qe7 44. e4 Nc7 45. Rf6 Rxf6 46. exf6 Qd8 47. f7+ Kf8 48. Be5 Qd7 49. Bd6+ 1-0

[Event "ESP-chT1 Once"]
[Site "Fuengirola"]
[Date "2009.11.26"]
[Round "5.2"]
[White "Carrazzoni Roman, Carlos"]
[Black "Vilageliu Ceballos, Josep M"]
[Result "0-1"]
[WhiteElo "1750"]
[BlackElo "2093"]
[PlyCount "70"]
[EventDate "2009.11.22"]
[EventType "team-tourn"]
[EventRounds "7"]
[EventCountry "ESP"]
[SourceTitle "CBM 133 Extra"]
[Source "ChessBase"]
[SourceDate "2010.01.05"]
[SourceVersion "1"]
[SourceVersionDate "2010.01.05"]
[SourceQuality "1"]

1. d4 Nf6 2. Nc3 g6 3. e4 d6 4. Bg5 Bg7 5. e5 Ng8 6. f4 f6 7. Bh4 c6 8. Nf3 Nh6 9. Be2 0-0 10. h3 Qb6 11. Qc1 Nd7 12. Bf2 Qa5 13. Rb1 fxe5 14. 0-0 exf4 15. b4 Qc7 16. Ng5 Nb6 17. a4 a5 18. bxa5 Rxa5 19. Nge4 Nxa4 20. Na2 Nf5 21. Rd1 Nb6 22. Nb4 Nd5 23. Bc4 Kh8 24. Be2 Nde3 25. Rd3 Nxd4 26. Bd1 d5 27. Ng5 Bf5 28. Rd2 e5 29. c3 Nb5 30. Rb3 d4 31. c4 Nc3 32. Be2 Qe7 33. Bh4 Bf6 34. Nxh7 Qxh7 35. Bxf6+ Rxf6 0-1

[Event "ESP-chT1 Once"]
[Site "Fuengirola"]
[Date "2009.11.25"]
[Round "4.2"]
[White "Saez Gabikagogeaskoa, Oscar"]
[Black "Carrazzoni Roman, Carlos"]
[Result "1-0"]
[WhiteElo "1966"]
[BlackElo "1750"]
[PlyCount "51"]
[EventDate "2009.11.22"]
[EventType "team-tourn"]
[EventRounds "7"]
[EventCountry "ESP"]
[SourceTitle "CBM 133 Extra"]
[Source "ChessBase"]
[SourceDate "2010.01.05"]
[SourceVersion "1"]
[SourceVersionDate "2010.01.05"]
[SourceQuality "1"]

1. e4 c6 2. Nf3 d5 3. exd5 cxd5 4. Ne5 Nf6 5. d4 Nc6 6. Bb5 Qb6 7. c4 dxc4 8. Nc3 e6 9. Nxc4 Qc7 10. Qf3 Nd5 11. 0-0 Be7 12. Nxd5 exd5 13. Bf4 Qd8 14. Ne5 Bd7 15. Nxf7 Nxd4 16. Qxd5 Bxb5 17. Nxd8 Rxd8 18. Qh5+ g6 19. Qe5 Kf7 20. Rfe1 Bf6 21. Qc7+ Rd7 22. Qc5 b6 23. Qa3 Be7 24. Qh3 Bf6 25. Be5 Nf5 26. Qb3+ 1-0

[Event "Bilbao-ch blind 21st"]
[Site "Bilbao"]
[Date "2008.11.19"]
[Round "4"]
[White "Carrazzoni Roman, Carlos"]
[Black "Zanoletty Garcia, David"]
[Result "1/2-1/2"]
[WhiteElo "1820"]
[BlackElo "2002"]
[PlyCount "83"]
[EventDate "2008.11.16"]
[EventType "swiss"]
[EventRounds "8"]
[EventCountry "ESP"]
[SourceTitle "CBM 127 Extra"]
[Source "ChessBase"]
[SourceDate "2009.01.08"]
[SourceVersion "2"]
[SourceVersionDate "2009.01.28"]
[SourceQuality "1"]

1. d4 Nf6 2. Nf3 g6 3. g3 Bg7 4. Bg2 d6 5. 0-0 0-0 6. c3 Nbd7 7. Na3 c6 8. Re1 d5 9. Ng5 e6 10. e4 dxe4 11. Nxe4 Nxe4 12. Bxe4 Nb6 13. Bf4 Re8 14. Bc2 Nd5 15. Bd2 a5 16. Nc4 b5 17. Ne5 Qc7 18. Qf3 Bb7 19. Qd3 Rad8 20. Ng4 h5 21. Ne5 c5 22. Rac1 c4 23. Qf1 Ne7 24. Bf4 Qc8 25. Be4 Bxe4 26. Rxe4 f6 27. Nf3 g5 28. Bd2 Ng6 29. h3 Qc6 30. Qe2 f5 31. Re3 g4 32. hxg4 hxg4 33. Nh4 Nxh4 34. gxh4 Bf6 35. Re1 Kf7 36. h5 Re7 37. Rg3 Rh8 38. h6 e5 39. dxe5 Bxe5 40. Bf4 Bf6 41. Qd2 Rxe1+ 42. Qxe1 1/2-1/2